QUEST Central Library Banner

Effects of Inclusion of Jute Fiber in the Structural Properties of unbaked Clay (Record no. 58455)

MARC details
000 -LEADER
fixed length control field 00423nam a2200157Ia 4500
100 ## - MAIN ENTRY--AUTHOR NAME
Personal name 14CE07
100 ## - MAIN ENTRY--AUTHOR NAME
Personal name Mutahar Ali Amur
245 #0 - TITLE STATEMENT
Title Effects of Inclusion of Jute Fiber in the Structural Properties of unbaked Clay
260 ## - PUBLICATION, DISTRIBUTION, ETC. (IMPRINT)
Place of publication Nawabshah
260 ## - PUBLICATION, DISTRIBUTION, ETC. (IMPRINT)
Name of publisher QUEST
260 ## - PUBLICATION, DISTRIBUTION, ETC. (IMPRINT)
Year of publication 2014
300 ## - PHYSICAL DESCRIPTION
Number of Pages 48
700 ## - ADDED ENTRY--PERSONAL NAME
Personal name Department Of Civil Engineering
Holdings
Withdrawn status Lost status Home library Current library Date acquired Accession Number Koha item type
    Central Library, QUEST, Nawabshah Research Section 23/04/2018 CEP/52-630 Thesis and Dissertation

Copyright © 2018,The QUEST, Nawabshah, Shaheed Benazirabad. All rights reserved
Mr. G. Farooq Channar (Librarian) QUEST, Nawabshah, Sindh, Pakistan 67480.
 Ph#: |   0244-9370381-4 Ext. 2308   Email| lib@quest.edu.pk   Web|  http://www.quest.edu.pk